Ronald Koeman's Southampton - Statistics

General Stats
  • This quiz has been taken 10 times
  • The average score is 19 of 39
Answer Stats
Rank Player Position Nationality Matches Goals Assists % Correct
4 Dušan Tadić Right Winger 77 14 22
100%
3 Graziano Pellè Centre-Forward 80 30 10
100%
1 José Fonte Centre-Back 87 2 2
100%
19 Maarten Stekelenburg Goalkeeper 25 0 0
100%
16 Morgan Schneiderlin Defensive Midfield 30 5 1
100%
14 Oriol Romeu Defensive Midfield 35 2 1
100%
7 Victor Wanyama Defensive Midfield 73 4 2
100%
18 Cédric Soares Right-Back 27 0 2
86%
9 James Ward-Prowse Central Midfield 69 3 14
86%
5 Sadio Mané Left Winger 75 25 10
86%
8 Shane Long Centre-Forward 73 20 12
86%
13 Virgil van Dijk Centre-Back 38 3 0
86%
10 Fraser Forster Goalkeeper 55 0 0
71%
29 Kelvin Davis Goalkeeper 8 0 0
71%
11 Maya Yoshida Centre-Back 50 3 1
71%
2 Steven Davis Central Midfield 82 5 8
71%
6 Ryan Bertrand Left-Back 73 3 7
57%
17 Toby Alderweireld Centre-Back 28 1 0
57%
39 Jason McCarthy Right-Back 1 0 0
43%
12 Nathaniel Clyne Right-Back 41 3 0
43%
34 Paulo Gazzaniga Goalkeeper 4 0 0
43%
25 Jay Rodríguez Centre-Forward 16 3 0
29%
31 Charlie Austin Centre-Forward 7 1 0
14%
22 Cuco Martina Centre-Back 18 1 1
14%
38 Dominic Gape Defensive Midfield 1 0 0
14%
24 Eljero Elia Left Winger 17 2 0
14%
33 Emmanuel Mayuka Centre-Forward 6 0 0
14%
28 Filip Djuricic Attacking Midfield 9 0 0
14%
23 Florin Gardoș Centre-Back 17 0 0
14%
32 Gastón Ramírez Central Midfield 7 0 1
14%
27 Harrison Reed Central Midfield 13 0 0
14%
26 Jack Cork Defensive Midfield 15 3 0
14%
36 Jake Hesketh Attacking Midfield 2 0 0
14%
20 Jordy Clasie Defensive Midfield 25 0 0
14%
21 Juanmi Left Winger 19 0 2
14%
35 Lloyd Isgrove Right Winger 4 0 0
14%
15 Matt Targett Left-Back 32 0 2
14%
37 Ryan Seager Centre-Forward 2 0 0
14%
30 Steven Caulker Centre-Back 8 0 0
14%
No matching quizzes found
Score Distribution
Percent of People with Each Score
Percentile by Number Answered
Your Score History
You have not taken this quiz